|
|
|
|
| LEADER |
02465nam a2200613 i 4500 |
| 001 |
nkc20182984383 |
| 003 |
CZ PrNK |
| 005 |
20180502155047.0 |
| 007 |
ta |
| 008 |
180313s2017 xr a f f 000 0 cze |
| 015 |
|
|
|a cnb002984383
|
| 020 |
|
|
|a 978-80-87402-59-7
|q (brožováno)
|
| 035 |
|
|
|a (OCoLC)1035473163
|
| 040 |
|
|
|a OLA001
|b cze
|e rda
|
| 041 |
0 |
|
|a cze
|b eng
|
| 072 |
|
7 |
|a 628
|x Sanitární technika. Vodárenství. Odpadové hospodářství. Světelná technika
|2 Konspekt
|9 19
|
| 080 |
|
|
|a 628.17
|2 MRF
|
| 080 |
|
|
|a 502.175:[005.41:005.936.43]
|2 MRF
|
| 080 |
|
|
|a 502.1
|2 MRF
|
| 080 |
|
|
|a 556.1
|2 MRF
|
| 080 |
|
|
|a (083.744)
|2 MRF
|
| 100 |
1 |
|
|a Ansorge, Libor,
|d 1973-
|7 xx0193484
|4 aut
|
| 245 |
1 |
0 |
|a Metodika sestavení vodní stopy v souladu s ISO 14 046 /
|c Libor Ansorge, Jiří Dlabal, Hana Prchalová, Petr Vyskoč, Dagmar Vološinová, Tereza Beránková
|
| 264 |
|
1 |
|a Praha :
|b Výzkumný ústav vodohospodářský T.G. Masaryka, v.v.i.,
|c 2017
|
| 300 |
|
|
|a 117 stran :
|b ilustrace (převážně barevné) ;
|c 21 cm
|
| 336 |
|
|
|a text
|b txt
|2 rdacontent
|
| 337 |
|
|
|a bez média
|b n
|2 rdamedia
|
| 338 |
|
|
|a svazek
|b nc
|2 rdacarrier
|
| 490 |
1 |
|
|a Výzkum pro praxi,
|x 1211-3751 ;
|v sešit 66
|
| 500 |
|
|
|a 50 výtisků
|
| 504 |
|
|
|a Obsahuje bibliografii a bibliografické odkazy
|
| 546 |
|
|
|a Anglické resumé
|
| 650 |
0 |
7 |
|a spotřeba vody
|7 ph135040
|2 czenas
|
| 650 |
0 |
7 |
|a posuzování životního cyklu
|7 ph183339
|2 czenas
|
| 650 |
0 |
7 |
|a ekologická stopa
|7 ph487799
|2 czenas
|
| 650 |
0 |
7 |
|a hydrologický cyklus
|7 ph194817
|2 czenas
|
| 650 |
0 |
9 |
|a water consumption
|2 eczenas
|
| 650 |
0 |
9 |
|a life cycle assessment
|2 eczenas
|
| 650 |
0 |
9 |
|a ecological footprint
|2 eczenas
|
| 650 |
0 |
9 |
|a hydrologic cycle
|2 eczenas
|
| 653 |
0 |
|
|a vodní stopa
|
| 655 |
|
7 |
|a certifikované metodiky
|7 fd806827
|2 czenas
|
| 655 |
|
9 |
|a certified methodology
|2 eczenas
|
| 700 |
1 |
|
|a Dlabal, Jiří,
|d 1975-
|7 ola2018986694
|4 aut
|
| 700 |
1 |
|
|a Prchalová, Hana,
|d 1956-
|7 ola2018986698
|4 aut
|
| 700 |
1 |
|
|a Vyskoč, Petr
|7 ola2018986714
|4 aut
|
| 700 |
1 |
|
|a Vološinová, Dagmar,
|d 1976-
|7 ola2018986725
|4 aut
|
| 700 |
1 |
|
|a Beránková, Tereza,
|d 1979 září 1.-
|7 ola2018986740
|4 aut
|
| 810 |
2 |
|
|a Výzkumný ústav vodohospodářský T.G. Masaryka.
|t Výzkum pro praxi
|0 s
|
| 910 |
2 |
|
|a BOA001
|b 2-1404.555
|
| 990 |
|
|
|a BK
|
| 995 |
|
|
|a 01
|
| 991 |
|
|
|b 201804
|c NOV
|
| 996 |
6 |
|
|b 2610739050
|c 2-1404.555
|l MZK
|r Sklad / do 1 hodiny
|n 0
|p p.v.
|w 001657095
|u 000010
|a 1
|e BOA001
|j MZK50
|s P
|